FREUD-HIS DREAM AND SEX THEORIES (Record no. 357102)

MARC details
000 -LEADER
fixed length control field 003900000a22001690004500
005 - DATE AND TIME OF LATEST TRANSACTION
control field 20120302062558.0
040 ## - CATALOGING SOURCE
Original cataloging agency ENG
100 ## - MAIN ENTRY--PERSONAL NAME
Personal name JASTRAW, JOSEPH
245 ## - TITLE STATEMENT
Title FREUD-HIS DREAM AND SEX THEORIES
260 ## - PUBLICATION, DISTRIBUTION, ETC. (IMPRINT)
Place of publication, distribution, etc CANADA: POCKET BOOKS INC.,1932
300 ## - PHYSICAL DESCRIPTION
Extent 290 P.
650 ## - SUBJECT ADDED ENTRY--TOPICAL TERM
Topical term or geographic name as entry element PSYCHOLOGY
650 ## - SUBJECT ADDED ENTRY--TOPICAL TERM
Topical term or geographic name as entry element FREUD
650 ## - SUBJECT ADDED ENTRY--TOPICAL TERM
Topical term or geographic name as entry element SEX THEORY
650 ## - SUBJECT ADDED ENTRY--TOPICAL TERM
Topical term or geographic name as entry element PSYCHOANALYSIS
942 ## - ADDED ENTRY ELEMENTS (KOHA)
Koha item type Book
Holdings
Withdrawn status Lost status Damaged status Not for loan Home library Current library Date acquired Total Checkouts Barcode Date last seen Price effective from
        Institute For Oriental Study, Thane Institute For Oriental Study, Thane 12/02/2009   IOS-18161 12/02/2009 12/02/2009